The stability of monetary equilibrium (Registro nro. 26444)
[ vista simple ]
| 000 -LEADER | |
|---|---|
| fixed length control field | 00322 a2200109 4500 |
| 001 - CONTROL NUMBER | |
| control field | ART_12549 |
| 005 - DATE AND TIME OF LATEST TRANSACTION | |
| control field | 20260410161907.0 |
| 008 - FIXED-LENGTH DATA ELEMENTS--GENERAL INFORMATION | |
| fixed length control field | 260409a |
| 100 1# - MAIN ENTRY--PERSONAL NAME | |
| Personal name | Yarrow, G. K. |
| 245 10 - TITLE STATEMENT | |
| Title | The stability of monetary equilibrium |
| 773 0# - HOST ITEM ENTRY | |
| Title | The Economic Journal |
| Related parts | - Vol. 87, Nº 345 (mar. 1977) |
| Record control number | REV12512 |
No hay ítems disponibles.